Szczegóły MARC21

Obsługa transportowa poczty /

003 -Nazwa inst., której nr kontr. jest w polu 001 [,]
    • @
    • Nazwa instytucji, której n kontrolny jest w polu 001
    • NUKAT
005 -DATA I CZAS OSTATNIEJ MODYFIKACJI [,]
    • @
    • pole kontrolne
    • 20241231115828.0
020 -Międzynarod. znormalizowany nr książki - ISBN [ , ]
    • a
    • Numer ISBN
    • 8372411093 Find
040 -Instytucja sporządzająca opis [ , ]
    • a
    • Instytucja, która sporządziła opis (NP)
    • Ł U/ek
    • c
    • Instytucja, która sporządziła rekord (NP)
    • Ł U/ek
    • d
    • Instytucja, która zmodyfikowała rekord (P)
    • Ł U/MK
    • d
    • Instytucja, która zmodyfikowała rekord (P)
    • Ł U/MRs
942 -Rodzaj dokumentu [ , ]
    • c
    • Rodzaj dokumentu
    • Książka
100 -Hasło główne - nazwa osobowa [1, ]
    • a
    • Nazwa osobowa (NP)
    • Wolska, Grażyna.
    • 9
    • KHW
    • 65881
245 -Strefa tytułu i oznaczenia odpowiedzialności [1,0]
    • a
    • Tytuł
    • Obsługa transportowa poczty / Find
    • c
    • Pozostałe elementy strefy tytułu i oznaczenia odpowiedzialności (NP)
    • Grażyna Wolska ; Uniwersytet Szczeciński.
260 -Strefa adresu wydawniczego [ , ]
    • a
    • Miejsce wydania (P)
    • Szczecin :
    • b
    • Nazwa wydawcy (P)
    • Wydawnictwo Naukowe Uniwersytetu Szczecińskiego,
    • c
    • Data wydania (P)
    • 2000.
300 -Strefa opisu fizycznego [ , ]
    • a
    • Określenie formy książki i/lub objętość (NP)
    • 181 s. ;
    • c
    • Format (NP)
    • 24 cm.
336 -Typ zawartości [ , ]
    • a
    • Termin opisujący typ zawartości
    • Tekst
    • b
    • Kod określający zawartość
    • txt
    • 2
    • Źródło (terminu i kodu)
    • rdacontent
337 -Typ mediów [ , ]
    • a
    • Tryb odtwarzania
    • Bez urządzenia pośredniczącego
    • b
    • Kod typu mediów
    • n
    • 2
    • Źródło (terminu i kodu)
    • rdamedia
338 -Typ/rodzaj nośnika [ , ]
    • a
    • Hasło opisujące typ nośnika
    • Wolumin
    • b
    • Kod typu nośnika
    • nc
    • 2
    • Źródło (terminu i kodu)
    • rdacarrier
490 -Strefa serii i książki wielotomowej - forma nie do wyszukiwania [1, ]
    • a
    • Tytuł (P)
    • Skrypty Wydawnictwa Naukowego Uniwersytetu Szczecińskiego Find
830 -Hasło dodatkowe serii i opisu książki wielotomowej - tytuł ujednolicony/tytuł [ ,0]
    • a
    • Tytuł ujednolicony/tytuł (NP)
    • Skrypty Wydawnictwa Naukowego Uniwersytetu Szczecińskiego
    • 9
    • KHW
    • 40801
504 -Uwaga dot. bibliogr. załącznikowej [ , ]
    • a
    • Uwaga dot. bibliografii załącznikowej
    • Bibliogr. s. 177-181.
080 -Uniwersalna Klasyfikacja Dziesiętna [ , ]
    • a
    • Symbol klasyfikacji
    • 338.47::656.8
    • 9
    • UKD
    • 3263
    • 2
    • Identyfikator wydania tablic
    • UDC-P058
    • b
    • Dopowiedzenie
    • Gospodarcze aspekty poczty. Ekonomika poczty.
080 -Uniwersalna Klasyfikacja Dziesiętna [ , ]
    • a
    • Symbol klasyfikacji
    • :656.86
650 -Hasło przedmiotowe [ ,7]
    • a
    • Hasło przedmiotowe
    • Poczta
    • x
    • Określnik rzeczowy
    • transport
    • v
    • Określnik formalny
    • podręczniki akademickie.
    • 2
    • Źródło terminu
    • kaba
    • 9
    • KHW
    • 660535
980 -Symbol UKD [ , ]
    • a
    • UKD
    • 338.47::656.8:656.86
710 -Hasło dodatkowe - nazwa ciała zbiorowego [2, ]
    • a
    • Nazwa ciała zbiorowego lub nazwa geograficzna jako pierwszy element (NP)
    • Uniwersytet Szczeciński.
    • b
    • Nazwa jednostki podrzędnej (P)
    • Wydawnictwo Naukowe.
    • 4
    • Kod relacji
    • pbl
    • 9
    • KHW
    • 51208
920 -ISBN [ , ]
    • a
    • ISBN
    • 83-7241-109-3 Find
Sygnatura Numer inwentarzowy Status udost. Lokalizacja Data inwentaryzacji
 E.67572-2BE2001-01-31
 S.87679-3BE2001-01-31
 S.87680-3BE2001-01-31
Z.97207Z.972071BG2001-01-31
T.4101T.4101-2T2001-01-31
T.4102T.4102-6T2001-01-31
T.4103T.4103-6T2001-01-31
T.4104T.4104-6T2001-01-31
T.4105T.4105-6T2001-01-31
T.4106T.4106-6T2001-01-31
T.4107T.4107-6T2001-01-31
T.4108T.4108-6T2001-01-31
T.4109T.4109-6T2001-01-31
T.4110T.4110-6T2001-01-31
T.4111T.4111-6T2001-01-31
T.4112T.4112-6T2001-01-31
T.4113T.4113-6T2001-01-31
T.4114T.4114-6T2001-01-31
T.4115T.4115-6T2001-01-31
T.4116T.4116-6T2001-01-31
T.5269T.5269-6T2001-04-23
T.5270T.5270-6T2001-04-23
T.5271T.5271-6T2001-04-23
T.5272T.5272-6T2001-04-23
T.5273T.5273-6T2001-04-23
T.5274T.5274-6T2001-04-23
T.5275T.5275-6T2001-04-23
TM.825TM.825-3T2003-03-21
TM.826TM.826-3T2003-03-21
TM.827TM.827-3T2003-03-21
TM.828TM.828-3T2003-03-21
TM.829TM.829-3T2003-03-21
TM.830TM.830-6T2003-03-21
TM.831TM.831-6T2003-03-21
TM.832TM.832-6T2003-03-21
TM.833TM.833-6T2003-03-21
TM.834TM.834-6T2003-03-21
TM.835TM.835-6T2003-03-21
TM.836TM.836-6T2003-03-21
TM.837TM.837-6T2003-03-21
TM.838TM.838-6T2003-03-21
TM.839TM.839-6T2003-03-21
TM.840TM.840-6T2003-03-21
TM.841TM.841-6T2003-03-21
TM.842TM.842-6T2003-03-21
TM.843TM.843-6T2003-03-21
TM.844TM.844-6T2003-03-21
TM.845TM.845-6T2003-03-21
TM.846TM.846-6T2003-03-21
TM.847TM.847-6T2003-03-21
TM.848TM.848-6T2003-03-21
TM.849TM.849-6T2003-03-21
TM.850TM.850-6T2003-03-21
TM.851TM.851-6T2003-03-21
TM.852TM.852-6T2003-03-21
TM.853TM.853-6T2003-03-21
TM.854TM.854-6T2003-03-21
TM.2394TM.2394-3T2004-06-25
TM.2395TM.2395-6T2004-06-25